[Event "CFriend AR-2003-F-00001 email"]
[Site "Chessfriend.com"]
[Date "2004.05.07"]
[Round "1"]
[White "Ernazarov, Nazar Yazdurdyevich"]
[Black "Valderrama, Elmer"]
[Result "0-1"]
[WhiteElo "2322"]
[BlackElo "2281"]
[PlyCount "64"]
[EventDate "2004.??.??"]
[EventType "tourn (corr)"]
[EventRounds "12"]
[SourceTitle "Corr 2008"]
[Source "ChessBase"]
[SourceDate "2008.06.24"]
[SourceVersion "1"]
[SourceVersionDate "2008.06.24"]
[SourceQuality "1"]

1. d4 Nf6 2. c4 e6 3. Nf3 c5 4. d5 d6 5. Nc3 exd5 6. cxd5 g6 7. Nd2 Bg7 8. e4 0-0 9. Be2 Re8 10. 0-0 Na6 11. f3 Nc7 12. a4 Nd7 13. Kh1 b6 14. Nc4 Ne5 15. Ne3 f5 16. f4 Nf7 17. exf5 gxf5 18. Bd3 Qf6 19. Qc2 Nh6 20. Bd2 Bd7 21. Rf3 Re7 22. Raf1 Kh8 23. Rh3 Qf7 24. Be1 Rae8 25. Bf2 Rg8 26. Bh4 Bf6 27. Bg5 Bxg5 28. fxg5 Rxg5 29. Rhf3 Qh5 30. Ne2 Ng4 31. Nxg4 Qxg4 32. Ng3 Qxa4 0-1

[Event "CFriend AR-2003-F-00001 email"]
[Site "Chessfriend.com"]
[Date "2004.05.07"]
[Round "1"]
[White "Gutsche, Dieter"]
[Black "Ernazarov, Nazar Yazdurdyevich"]
[Result "1/2-1/2"]
[WhiteElo "2617"]
[BlackElo "2322"]
[PlyCount "130"]
[EventDate "2004.??.??"]
[EventType "tourn (corr)"]
[EventRounds "12"]
[SourceTitle "Corr 2024"]
[Source "ChessBase"]
[SourceDate "2023.10.19"]
[SourceVersion "1"]
[SourceVersionDate "2023.10.19"]
[SourceQuality "1"]

1. e4 e6 2. d4 d5 3. Nc3 Bb4 4. e5 c5 5. a3 Bxc3+ 6. bxc3 Ne7 7. h4 Qc7 8. Nf3 b6 9. h5 h6 10. Bb5+ Bd7 11. Bd3 Ba4 12. 0-0 Nd7 13. Re1 0-0-0 14. dxc5 Nxc5 15. Qe2 Kb7 16. Rb1 Rc8 17. Rb4 Bd7 18. Nd4 f6 19. Bf4 Nxd3 20. cxd3 Qxc3 21. Reb1 f5 22. Be3 g5 23. a4 Nc6 24. Nxc6 Rxc6 25. a5 Rhc8 26. axb6 a6 27. Bd2 Qa3 28. R4b3 Qa4 29. Rb4 Qa3 30. R4b3 Qa4 31. R3b2 Rc2 32. Rxc2 Rxc2 33. Rc1 Rxc1+ 34. Bxc1 f4 35. g3 fxg3 36. fxg3 Bc6 37. Bb2 d4 38. Qd2 Kxb6 39. Kf2 a5 40. Bc1 Ka6 41. Bb2 Qa2 42. Ke1 Qd5 43. Qf2 Qh1+ 44. Kd2 Bf3 45. Bxd4 Qd1+ 46. Kc3 Be2 47. Qe3 a4 48. Bc5 Qb3+ 49. Kd2 Qd1+ 50. Kc3 Qb3+ 51. Kd2 Qb2+ 52. Ke1 Bxh5 53. Bd6 Qc3+ 54. Kf2 Qc2+ 55. Ke1 Qc3+ 56. Kf2 Qc2+ 57. Ke1 Bg6 58. Qd2 Qc6 59. Kf2 Bf5 60. Bf8 Bg4 61. Qe3 Qc2+ 62. Kg1 Qd1+ 63. Kf2 Qc2+ 64. Kg1 Qd1+ 65. Kf2 Qc2+ 1/2-1/2

[Event "CFriend AR-2003-F-00001 email"]
[Site "Chessfriend.com"]
[Date "2004.05.07"]
[Round "1"]
[White "Haeusler, Werner"]
[Black "Ernazarov, Nazar Yazdurdyevich"]
[Result "1-0"]
[WhiteElo "2460"]
[BlackElo "2322"]
[PlyCount "49"]
[EventDate "2004.??.??"]
[EventType "tourn (corr)"]
[EventRounds "12"]
[SourceTitle "Corr 2008"]
[Source "ChessBase"]
[SourceDate "2008.06.24"]
[SourceVersion "1"]
[SourceVersionDate "2008.06.24"]
[SourceQuality "1"]

1. e4 e6 2. d4 d5 3. Nc3 Bb4 4. e5 c5 5. Qg4 Ne7 6. dxc5 Nbc6 7. Bd2 0-0 8. 0-0-0 Ng6 9. Nf3 Bxc5 10. Qh5 Bd7 11. h4 Qe8 12. Ng5 h6 13. f4 f5 14. exf6 Rxf6 15. Re1 Nge7 16. Qf3 Nd4 17. Qh3 b5 18. g4 b4 19. Ne2 Nxe2+ 20. Bxe2 Bd6 21. Bd3 a5 22. Kb1 a4 23. Qg2 b3 24. Nh7 Rf7 25. g5 1-0

[Event "CFriend AR-2003-F-00001 email"]
[Site "Chessfriend.com"]
[Date "2004.05.07"]
[Round "1"]
[White "Savchak, Oleg"]
[Black "Ernazarov, Nazar Yazdurdyevich"]
[Result "1-0"]
[WhiteElo "2332"]
[BlackElo "2322"]
[PlyCount "61"]
[EventDate "2004.??.??"]
[EventType "tourn (corr)"]
[EventRounds "12"]
[SourceTitle "Corr 2008"]
[Source "ChessBase"]
[SourceDate "2008.06.24"]
[SourceVersion "1"]
[SourceVersionDate "2008.06.24"]
[SourceQuality "1"]

1. e4 e6 2. d4 d5 3. Nc3 Bb4 4. e5 c5 5. a3 Bxc3+ 6. bxc3 Ne7 7. Qg4 0-0 8. Bd3 f5 9. exf6 Rxf6 10. Bg5 Rf7 11. Qh5 g6 12. Qd1 Nbc6 13. Nf3 Qf8 14. 0-0 c4 15. Be2 h6 16. Bc1 Kh7 17. a4 Bd7 18. Ba3 Qb8 19. Qd2 Nf5 20. Rab1 b6 21. a5 Qd8 22. axb6 axb6 23. Bc1 g5 24. h3 b5 25. Nh2 b4 26. cxb4 Ncxd4 27. Bb2 Nxe2+ 28. Qxe2 Qb6 29. Be5 Bb5 30. c3 Qb7 31. Nf3 1-0

[Event "CFriend AC-2003-Q-00015 email"]
[Site "Chessfriend.com"]
[Date "2003.12.03"]
[Round "?"]
[White "Aboutayil, Mohammed"]
[Black "Ernazarov, Nazar Yazdurdyevich"]
[Result "1-0"]
[WhiteElo "2142"]
[BlackElo "2486"]
[PlyCount "29"]
[EventDate "2003.12.03"]
[EventType "tourn (corr)"]
[EventRounds "10"]
[SourceTitle "Corr 2008"]
[Source "ChessBase"]
[SourceDate "2008.06.24"]
[SourceVersion "1"]
[SourceVersionDate "2008.06.24"]
[SourceQuality "1"]

1. c4 Nf6 2. Nf3 e6 3. g3 d5 4. b3 Be7 5. Bg2 0-0 6. 0-0 c5 7. cxd5 Nxd5 8. Bb2 Nc6 9. Nc3 Bf6 10. Qc1 Nxc3 11. dxc3 Qc7 12. Rd1 b6 13. Qf4 e5 14. Qe4 Bb7 15. Qf5 1-0

[Event "CFriend AR-2003-Q-00004 email"]
[Site "Chessfriend.com"]
[Date "2003.12.03"]
[Round "1"]
[White "Balabaev, Farit Gasisovich"]
[Black "Ernazarov, Nazar Yazdurdyevich"]
[Result "1/2-1/2"]
[WhiteElo "2539"]
[BlackElo "2322"]
[PlyCount "70"]
[EventDate "2003.??.??"]
[EventType "tourn (corr)"]
[EventRounds "12"]
[SourceTitle "Corr 2008"]
[Source "ChessBase"]
[SourceDate "2008.06.24"]
[SourceVersion "1"]
[SourceVersionDate "2008.06.24"]
[SourceQuality "1"]

1. e4 e6 2. d4 d5 3. Nc3 Bb4 4. e5 c5 5. a3 Bxc3+ 6. bxc3 Ne7 7. Qg4 0-0 8. Bd3 Nbc6 9. Qh5 Ng6 10. Nf3 Qc7 11. Be3 Nce7 12. h4 Bd7 13. Qg5 f6 14. exf6 Rxf6 15. h5 h6 16. Qg3 Nf4 17. Bxf4 Qxf4 18. Qxf4 Rxf4 19. Rb1 Rb8 20. Ne5 Be8 21. Ke2 c4 22. Ke3 Rf8 23. Be2 Nc6 24. Nxc6 Bxc6 25. Bg4 Kf7 26. Rhe1 Ke7 27. f3 Kd6 28. Kd2 Rf6 29. Re5 b6 30. Rbe1 Bd7 31. R1e2 Rg8 32. Re1 Rb8 33. R1e2 Rg8 34. Re1 Rb8 35. R1e2 Rg8 1/2-1/2

[Event "CFriend AR-2003-Q-00004 email"]
[Site "Chessfriend.com"]
[Date "2003.12.03"]
[Round "1"]
[White "Ernazarov, Nazar Yazdurdyevich"]
[Black "Aberbach Peltzman, Angel Sergio"]
[Result "1-0"]
[WhiteElo "2322"]
[BlackElo "2066"]
[PlyCount "53"]
[EventDate "2003.??.??"]
[EventType "tourn (corr)"]
[EventRounds "12"]
[SourceTitle "Corr 2008"]
[Source "ChessBase"]
[SourceDate "2008.06.24"]
[SourceVersion "1"]
[SourceVersionDate "2008.06.24"]
[SourceQuality "1"]

1. d4 Nf6 2. c4 e6 3. Nf3 d5 4. Nc3 Be7 5. Bf4 0-0 6. e3 c5 7. dxc5 Bxc5 8. cxd5 Nxd5 9. Nxd5 exd5 10. a3 Nc6 11. Bd3 Bb6 12. 0-0 Bg4 13. h3 Bh5 14. b4 Re8 15. Rc1 a6 16. g4 Bg6 17. Bxg6 hxg6 18. Qd3 d4 19. e4 Bc7 20. Bxc7 Qxc7 21. Rfe1 Qf4 22. Kg2 Rad8 23. Rc2 Re6 24. Rce2 Ne5 25. Nxe5 Qxe5 26. Rc2 Qf4 27. Rc4 1-0

[Event "CFriend AR-2003-Q-00004 email"]
[Site "Chessfriend.com"]
[Date "2003.12.03"]
[Round "1"]
[White "Ernazarov, Nazar Yazdurdyevich"]
[Black "Jimenez, Joaquin Rodrigo"]
[Result "1-0"]
[WhiteElo "2322"]
[BlackElo "2225"]
[PlyCount "65"]
[EventDate "2003.??.??"]
[EventType "tourn (corr)"]
[EventRounds "12"]
[SourceTitle "Corr 2008"]
[Source "ChessBase"]
[SourceDate "2008.06.24"]
[SourceVersion "1"]
[SourceVersionDate "2008.06.24"]
[SourceQuality "1"]

1. d4 Nf6 2. c4 e6 3. Nf3 Bb4+ 4. Bd2 Qe7 5. g3 Nc6 6. Nc3 Bxc3 7. Bxc3 Ne4 8. Rc1 0-0 9. Bg2 d6 10. d5 Nd8 11. Nd2 Nxc3 12. Rxc3 e5 13. c5 Bg4 14. cxd6 cxd6 15. Qc2 f5 16. Rc7 Qf6 17. h3 Bh5 18. e4 Bg6 19. h4 h5 20. exf5 Bxf5 21. Be4 Bxe4 22. Nxe4 Qf3 23. 0-0 Nf7 24. Re1 Rab8 25. Re3 Qg4 26. Rec3 Qf5 27. Re7 a6 28. Rcc7 b5 29. Re6 Kh8 30. Nxd6 Nxd6 31. Rxd6 e4 32. Rdd7 Rg8 33. d6 1-0

[Event "CFriend AC-2003-Q-00015 email"]
[Site "Chessfriend.com"]
[Date "2003.12.03"]
[Round "?"]
[White "Ernazarov, Nazar Yazdurdyevich"]
[Black "Jurkowitz, Romana"]
[Result "0-1"]
[WhiteElo "2486"]
[BlackElo "2000"]
[PlyCount "32"]
[EventDate "2003.12.03"]
[EventType "tourn (corr)"]
[EventRounds "10"]
[SourceTitle "Corr 2008"]
[Source "ChessBase"]
[SourceDate "2008.06.24"]
[SourceVersion "1"]
[SourceVersionDate "2008.06.24"]
[SourceQuality "1"]

1. d4 d5 2. c4 c6 3. Nf3 Nf6 4. e3 Bf5 5. Nc3 e6 6. Nh4 Be4 7. f3 Bg6 8. Qb3 Qb6 9. Nxg6 hxg6 10. Bd2 Nbd7 11. 0-0-0 Qxb3 12. axb3 Bd6 13. h3 Nh5 14. Bd3 Ng3 15. Rhe1 0-0 16. Kc2 Rfd8 0-1

[Event "CFriend AC-2003-Q-00015 email"]
[Site "Chessfriend.com"]
[Date "2003.12.03"]
[Round "?"]
[White "Ernazarov, Nazar Yazdurdyevich"]
[Black "Litvinenko, Natalia"]
[Result "0-1"]
[WhiteElo "2486"]
[BlackElo "2169"]
[PlyCount "32"]
[EventDate "2003.12.03"]
[EventType "tourn (corr)"]
[EventRounds "10"]
[SourceTitle "Corr 2008"]
[Source "ChessBase"]
[SourceDate "2008.06.24"]
[SourceVersion "1"]
[SourceVersionDate "2008.06.24"]
[SourceQuality "1"]

1. d4 d5 2. c4 c6 3. Nf3 Nf6 4. e3 Bf5 5. Nc3 e6 6. Nh4 Bg6 7. Qb3 Qc7 8. Nxg6 hxg6 9. Bd2 dxc4 10. Qxc4 Nbd7 11. h3 e5 12. Qb3 exd4 13. exd4 Nb6 14. 0-0-0 0-0-0 15. Bg5 Kb8 16. Kb1 Bd6 0-1

[Event "CFriend AR-2003-Q-00004 email"]
[Site "Chessfriend.com"]
[Date "2003.12.03"]
[Round "1"]
[White "Ernazarov, Nazar Yazdurdyevich"]
[Black "Nikel, Bogdan"]
[Result "1-0"]
[WhiteElo "2322"]
[BlackElo "2269"]
[PlyCount "113"]
[EventDate "2003.??.??"]
[EventType "tourn (corr)"]
[EventRounds "12"]
[SourceTitle "Corr 2008"]
[Source "ChessBase"]
[SourceDate "2008.06.24"]
[SourceVersion "1"]
[SourceVersionDate "2008.06.24"]
[SourceQuality "1"]

1. d4 d5 2. c4 c6 3. Nf3 Nf6 4. e3 Bf5 5. Nc3 e6 6. Nh4 Be4 7. f3 Bg6 8. Qb3 Qc7 9. Bd2 Nbd7 10. cxd5 exd5 11. 0-0-0 0-0-0 12. Nxg6 hxg6 13. e4 dxe4 14. fxe4 Nb6 15. Bg5 Re8 16. Bd3 Ng4 17. Rhf1 f6 18. h3 Nf2 19. Rxf2 Qg3 20. Rc2 Qxg5+ 21. Kb1 Kb8 22. d5 c5 23. a4 Bd6 24. a5 Nc8 25. Na4 Re7 26. Nxc5 Bxc5 27. Rxc5 Nd6 28. Rc2 Qg3 29. Qb4 Rd8 30. Ka1 Qe5 31. a6 b6 32. Rdc1 f5 33. Rc6 Red7 34. Bc2 fxe4 35. Ba4 Qxd5 36. R6c2 Re7 37. Rd2 Qe5 38. Rc6 Red7 39. Rxb6+ axb6 40. Qxb6+ Nb7 41. Rxd7 Rxd7 42. Bxd7 Qa5+ 43. Qxa5 Nxa5 44. Kb1 Ka7 45. Kc2 Nc4 46. Kc3 Ne3 47. g3 Kxa6 48. Kd4 Nd1 49. b3 Nf2 50. Be6 Kb6 51. Ke3 Nd3 52. Kxe4 Nc5+ 53. Ke5 Kc7 54. Bc4 Kd7 55. b4 Nb7 56. Bd3 Nd6 57. Bxg6 1-0

[Event "CFriend AC-2003-Q-00015 email"]
[Site "Chessfriend.com"]
[Date "2003.12.03"]
[Round "?"]
[White "Mary, Patrick"]
[Black "Ernazarov, Nazar Yazdurdyevich"]
[Result "1-0"]
[WhiteElo "2177"]
[BlackElo "2486"]
[PlyCount "31"]
[EventDate "2003.12.03"]
[EventType "tourn (corr)"]
[EventRounds "10"]
[SourceTitle "Corr 2008"]
[Source "ChessBase"]
[SourceDate "2008.06.24"]
[SourceVersion "1"]
[SourceVersionDate "2008.06.24"]
[SourceQuality "1"]

1. d4 Nf6 2. Nf3 d5 3. e3 e6 4. c4 c6 5. Nc3 Nbd7 6. Bd3 dxc4 7. Bxc4 b5 8. Bd3 Bb7 9. e4 b4 10. Na4 c5 11. e5 Nd5 12. Nxc5 Nxc5 13. dxc5 Bxc5 14. Qa4+ Ke7 15. 0-0 h6 16. Bd2 1-0